<?xml version="1.0" encoding="UTF-8"?>
<record
    xmlns:xsi="http://www.w3.org/2001/XMLSchema-instance"
    xsi:schemaLocation="http://www.loc.gov/MARC21/slim http://www.loc.gov/standards/marcxml/schema/MARC21slim.xsd"
    xmlns="http://www.loc.gov/MARC21/slim">

  <leader>02042nkm a2200445 i 4500</leader>
  <controlfield tag="001">3548</controlfield>
  <controlfield tag="003">ES-MaACL</controlfield>
  <controlfield tag="005">20251009181726.0</controlfield>
  <controlfield tag="007">khrbo</controlfield>
  <controlfield tag="008">051117s1985    sp --- g      |001||spa d</controlfield>
  <datafield tag="100" ind1="0" ind2=" ">
    <subfield code="a">Alfonso,</subfield>
    <subfield code="d">1902-1990</subfield>
    <subfield code="9">19858</subfield>
  </datafield>
  <datafield tag="245" ind1="1" ind2="4">
    <subfield code="a">Los profesionales de la informaci&#xF3;n en la lucha por la paz [</subfield>
    <subfield code="h">Fotograf&#xED;a] / </subfield>
    <subfield code="c">Alfonso (sello).</subfield>
  </datafield>
  <datafield tag="260" ind1=" " ind2=" ">
    <subfield code="a">[S.l. : </subfield>
    <subfield code="b">s.n.], </subfield>
    <subfield code="c">1985.</subfield>
  </datafield>
  <datafield tag="300" ind1=" " ind2=" ">
    <subfield code="a">6 fot. : </subfield>
    <subfield code="b">b. y n. ; </subfield>
    <subfield code="c">12 x 18 cm.</subfield>
  </datafield>
  <datafield tag="490" ind1="1" ind2=" ">
    <subfield code="a">Periodistas por la paz</subfield>
  </datafield>
  <datafield tag="500" ind1=" " ind2=" ">
    <subfield code="a">Datos basados en invitaci&#xF3;n.</subfield>
  </datafield>
  <datafield tag="511" ind1="0" ind2=" ">
    <subfield code="a">Intervienen: Gerard Gatinot, Keneth Aston, Albino Ribeiro, Eloy S. Casta&#xF1;ares, Luis D&#xED;az, F&#xE9;lix Gonz&#xE1;lez Nelc&#xF3;n, Antonio Peiro, Enrique Gomariz.</subfield>
  </datafield>
  <datafield tag="518" ind1=" " ind2=" ">
    <subfield code="a">Acto convocado por la Comisi&#xF3;n pro Libertad de Expresi&#xF3;n, Uni&#xF3;n dePeriodistas, Uni&#xF3;n General de Trabajadores y Comisiones Obreras, con la colaboraci&#xF3;n del Ayuntamiento de Madrid, la Comunidad Aut&#xF3;noma, el Ayuntamiento de Arganda y el Ateneo de Madrid, celebrado el mi&#xE9;rcoles 11 de diciembre de 1985, a la 17:00 h.</subfield>
  </datafield>
  <datafield tag="600" ind1="1" ind2="4">
    <subfield code="a">Gatinot, Gerard.</subfield>
    <subfield code="9">55963</subfield>
  </datafield>
  <datafield tag="600" ind1="1" ind2="4">
    <subfield code="a">Aston, Keneth.</subfield>
    <subfield code="9">23683</subfield>
  </datafield>
  <datafield tag="600" ind1="1" ind2="4">
    <subfield code="a">Ribeiro, Albino.</subfield>
    <subfield code="9">96747</subfield>
  </datafield>
  <datafield tag="600" ind1="1" ind2="4">
    <subfield code="a">Casta&#xF1;ares, Eloy S.</subfield>
    <subfield code="9">36402</subfield>
  </datafield>
  <datafield tag="600" ind1="1" ind2="4">
    <subfield code="a">D&#xED;az Viana, Luis.</subfield>
    <subfield code="9">44454</subfield>
  </datafield>
  <datafield tag="600" ind1="1" ind2="4">
    <subfield code="a">Gonz&#xE1;lez Melc&#xF3;n, F&#xE9;lix.</subfield>
    <subfield code="9">58802</subfield>
  </datafield>
  <datafield tag="600" ind1="1" ind2="4">
    <subfield code="a">Peir&#xF3;, Antonio, </subfield>
    <subfield code="d">1958-</subfield>
    <subfield code="9">90002</subfield>
  </datafield>
  <datafield tag="600" ind1="1" ind2="4">
    <subfield code="a">Gomariz, Enrique.</subfield>
    <subfield code="9">57732</subfield>
  </datafield>
  <datafield tag="610" ind1="2" ind2="4">
    <subfield code="a">Ateneo de Madrid-</subfield>
    <subfield code="x">Actos culturales-</subfield>
    <subfield code="y">1985-</subfield>
    <subfield code="v">Fotograf&#xED;as.</subfield>
    <subfield code="9">1900</subfield>
  </datafield>
  <datafield tag="710" ind1="2" ind2=" ">
    <subfield code="a">Comisi&#xF3;n pro Libertad de Expresi&#xF3;n.</subfield>
    <subfield code="9">3057</subfield>
  </datafield>
  <datafield tag="710" ind1="2" ind2=" ">
    <subfield code="a">Uni&#xF3;n de Periodistas</subfield>
    <subfield code="9">7011</subfield>
  </datafield>
  <datafield tag="710" ind1="2" ind2=" ">
    <subfield code="a">UGT.</subfield>
    <subfield code="9">7030</subfield>
  </datafield>
  <datafield tag="710" ind1="2" ind2=" ">
    <subfield code="a">Comisiones Obreras.</subfield>
    <subfield code="9">3064</subfield>
  </datafield>
  <datafield tag="710" ind1="2" ind2=" ">
    <subfield code="a">Ateneo de Madrid.</subfield>
    <subfield code="9">1875</subfield>
  </datafield>
  <datafield tag="710" ind1="1" ind2=" ">
    <subfield code="a">Arganda. </subfield>
    <subfield code="b">Ayuntamiento.</subfield>
    <subfield code="9">1472</subfield>
  </datafield>
  <datafield tag="710" ind1="1" ind2=" ">
    <subfield code="a">Madrid (Comunidad Aut&#xF3;noma)</subfield>
    <subfield code="9">5587</subfield>
  </datafield>
  <datafield tag="710" ind1="1" ind2=" ">
    <subfield code="a">Madrid. </subfield>
    <subfield code="b">Ayuntamiento </subfield>
    <subfield code="9">234069</subfield>
  </datafield>
  <datafield tag="830" ind1="0" ind2=" ">
    <subfield code="a">Periodistas por la paz</subfield>
    <subfield code="9">176835</subfield>
  </datafield>
  <datafield tag="852" ind1=" " ind2=" ">
    <subfield code="a">ES-MaACL</subfield>
    <subfield code="j">FOT 112/1985</subfield>
  </datafield>
  <datafield tag="856" ind1="4" ind2=" ">
    <subfield code="u">http://www.ateneodemadrid.net/biblioteca_digital/imagenes/1985/0112-1985.jpg</subfield>
    <subfield code="z">Ver imagen</subfield>
  </datafield>
  <datafield tag="999" ind1=" " ind2=" ">
    <subfield code="c">3548</subfield>
    <subfield code="d">3548</subfield>
  </datafield>
  <datafield tag="952" ind1=" " ind2=" ">
    <subfield code="0">0</subfield>
    <subfield code="1">0</subfield>
    <subfield code="4">0</subfield>
    <subfield code="7">0</subfield>
    <subfield code="8">Colecci&#xF3;n_digital</subfield>
    <subfield code="a">ATENEOM</subfield>
    <subfield code="b">ATENEOM</subfield>
    <subfield code="c">DEPOZ</subfield>
    <subfield code="d">2008-01-17</subfield>
    <subfield code="e">SC</subfield>
    <subfield code="l">0</subfield>
    <subfield code="o">FOT 112/1985</subfield>
    <subfield code="p">1003611</subfield>
    <subfield code="r">2023-02-23 00:00:00</subfield>
    <subfield code="w">2023-02-23</subfield>
    <subfield code="y">FOTOGRAFIA</subfield>
  </datafield>
</record>
